Carregant...
Cambridge advanced learner's dictionary
| Autor principal: | |
|---|---|
| Format: | Printed Book |
| Publicat: |
Newdelhi
Cambridge university press
2013
|
| Edició: | 4th ed. |
| LEADER | 00530nam a22001457a 4500 | ||
|---|---|---|---|
| 999 | |c 292575 |d 292575 | ||
| 020 | |a 9781107504448 | ||
| 082 | |a 423 |b McI/C | ||
| 100 | |a McIntosh,Colin | ||
| 245 | |a Cambridge advanced learner's dictionary | ||
| 250 | |a 4th ed. | ||
| 260 | |a Newdelhi |b Cambridge university press |c 2013 | ||
| 300 | |a 1844p. | ||
| 942 | |c BK | ||
| 952 | |0 0 |1 0 |4 0 |6 423_000000000000000_MCI_C |7 0 |8 REF |9 311375 |a RUS |b RUS |c REF |d 2020-06-18 |g 695.00 |l 0 |o 423 McI/C |p RUS15683 |r 2020-06-18 |w 2020-06-18 |x MBC 2054/15 dt:9/3/2016 |y BK |x MBC 2054/15 dt:9/3/2016 | ||